MARC
| LEADER | 00000nam a2200000 i 4500 | ||
|---|---|---|---|
| 001 | 1/45158 | ||
| 008 | 941103s1978 gre d | ||
| 035 | |a 1988 |l 10042468 | ||
| 040 | |a GR-MY-UA |b gre |e aacr | ||
| 041 | 1 | |a gre | |
| 082 | 0 | |a 889.1 | |
| 100 | 1 | |a Πνευματικού, Λέλα. | |
| 245 | 1 | 0 | |a Αλήθειες και οράματα / |c Λέλα Ν. Πνευματικού |
| 260 | |a Αθήνα : |b [χ.ο], |c 1978 | ||
| 300 | |a 64 σ.; |c 24 cm. | ||
| 650 | 0 | 0 | |a Greek poetry. |
| 852 | |a INST |b SAMOS |e 19941103 |h 889.1 ΠΝΕ |p 005300000631 |q 005300000631 |t BK |y 0 | ||
| 909 | |a Σ |b 012215 | ||